1937 1082 1470 1049 1878 1081 1525 1694 1566 1782 1746 1197 1096 1598 1038 1991 1488 1275 1009 1276 1851 1352 1271 1678 1452 1309 1039 1754 1280 1093 1455 1293 1156 1901 1893 1053 1535 1118 1451 1644 1255 1100 1460 1431 1206 1058 1608 1604 1920 1932 1682 1555 1391 1023 1470 1745 1621 1020 1699 1821 1976 1566 1231 1348 1675 1963 1264 1573 1191 1497 1264 1387 1086 1966 1859 1690 1665 1417 1426 1047 1044 1458 1528 1966 1628 1381 1704 1778 1175 1575 1530 1867 1521 1091 1049 1048 1148 1404 1537 BCNSPRNW ULIB Ver.6.0+V

เปลี่ยนเป็นภาษาไทย

Change to English
 แสดงรายละเอียดบรรณานุกรม
  กลับหน้าหลัก

Brief Record : Get Marc (ISO 2709) : E-mail record : QR code < ปิดหน้าต่าง
LEADER : 00000nam 2200000uu 4500
001    13399123358
003     ULIB
008    140827s2557||||th 000 0 tha d
099    วจ.WL704^bส765ค
100 0  ^aสุดกัญญา ปานเจริญ
245 00 ^aความปวดและการจัดการความปวดของผู้สูงอายุที่มีความปวดจากความผิดปกติระบบกระดูกและกล้ามเนื้อที่ไม่ใช่มะเร็ง/^cสุดกัญญา ปานเจริญ, วงศ์สิริ แจ่มฟ้า และมัณฑนา สุวรรณไพบูลย์
246 0  ^aPain and pain management of elderly with chronic non-cancer pain from musculoskeletal discorders
260    ^aนครสวรรค์:^bวิทยาลัยพยาบาลบรมราชชนนี สวรรค์ประชารักษ์ นครสวรรค์,^c2557
300    ^a54 หน้า
650  0 ^aความปวด^xวิจัย
650  0 ^aวิธีการจัดการความปวด^xวิจัย
650  0 ^aผู้สูงอายุ^xวิจัย
700 0  วงศ์สิริ แจ่มฟ้า และ
700 0  มัณฑนา สุวรรณไพบูลย์
710 1  วิทยาลัยพยาบาลบรมราชชนนี สวรรค์ประชารักษ์ นครสวรรค์
945    ^p0^l0^i20436
999    ^aทศพร เกษรทอง
รายการนี้ยังไม่มีแท็ก
คุณยังไม่ได้ล็อกอิน คุณสามารถมีกิจกรรมร่วมกับเว็บไซต์ได้ แต่ต้องล็อกอินก่อน ::
  ล็อกอิน

รายการสื่อสารสนเทศ

ลำดับที่ ประเภท เลขเรียก/บาร์โค้ด สถานที่ สถานะ
1. งานวิจัย
งานวิจัย
วจ.WL704 ส765ค ฉ.1 
  Barcode: 20436
ห้องสมุดวิทยาเขตนครสวรรค์
►วิจัย:l:Research Room
บนชั้น

รายการใกล้เคียง
    ผู้แต่ง [สุดกัญญา ปานเจริญ]

BibComment


ยังไม่เคยถูกคอมเมนท์

คอมเมนท์ทรัพยากรรายการนี้
  คอมเมนท์: ความปวดและการจัด..


 Copyright 2026. Bcnsprnw @Library